000 00544nam a2200217Ia 4500
003 OSt
005 20220924133947.0
006 a|||||r|||| 00| 0
007 ta
008 220923b |||||||| |||| 00| 0 snd d
024 _a271199
037 _cTextual
040 _aARTS
_cARTS
_bsnd
041 _2snd
_asnd
082 _a/\2y7M50, 1593J9
100 _aAswadumal
_9185207
245 0 _aBhai Moolchand Meghraj Sahib
260 _c1959
942 _h/\2y7M50, 1593J9
_cTEXL
_2CC
999 _c435821
_d435821